000 00296nam a2200145Ia 4500
100 _aTate/Bruce A
942 _cBK
366 _f25
245 _aSeven Languages in seven weeks
260 _bSPD
_c2010
082 _a5.133
_bTAT
300 _a317
546 _aENGLISH
_cComputers
999 _c22923
_d22923